000 00886 a2200241 4500
003 Nust
005 20230321105003.0
010 _a 92014916
020 _a0070691703
040 _cNust
082 0 0 _a658,WEI
100 1 _aWeihrich, Heinz.
_973481
245 1 0 _aManagement :
_ba global perspective /
_cHeinz Weihrich, Harold Koontz.
250 _a10th ed.
260 _aNew York :
_bMcGraw-Hill,
_cc1993.
300 _axxxvi, 744 p. :
_bill. ;
_c24 cm.
440 0 _aMcGraw-Hill series in management
_92006
505 _aPart One: The Basic of Global Management Theory and Practice (Page-1), Part Two Planning (Page-115), Part Three: Organizing (Page-241), Part Four: Staffing (Page-353), Part Five: Leading (Page-457), Part Six: Controlling (Page-575).
650 0 _aIndustrial management.
650 0 _aManagement.
700 1 _aKoontz, Harold,
_d1908-
942 _2ddc
_cBK
999 _c180707
_d180707